00679nam a2200157 a 450000100100000000500170001000800410002704000250006808200160009310000260010924501430013526000330027830000210031195201720033299900170050400003141120200930062918.0110622s1934 fr 000 0 spa d aDO-SdBNPbspacBNPHU axxxxbN713v1 aNimer, Aquiles95783013aLa vengeance de l' Abbé Cristobal :bRoman : d' après le journal intime d' un emigrant Français à Saint-Domingue /cAquiles Nimer. aCavaillon :bMistral,c1934. a204 p. ;c22 cm. 001050718MOaPDbPDcCTd2011-06-22iLF1l0oxxxx N713vp31411-10r2020-06-25w2020-06-25y1zPerteneció a la biblioteca personal de Martínez BoogZNo se presta c30903d30903